INVÁZNY CYKLUS CHOANOTAENIA INFUNDIBULUM (BLOCH, 1788) U KURY DOMÁCEJ (GALLUS GALLUS f. DOMESTICA) NA KUBE R. 1970/1971

Podrobná bibliografia
Hlavní autori: Jurášek, Viliam, 1929-1992 (Autor), Tokarev, V. I. (Autor), Ovies Díaz, D. (Autor)
Médium: Článok
Jazyk:slovenčina

MARC

LEADER 00000nab a2200000 a 4500
001 vtls011115418
003 SK-MaSNL
005 20260303215009.0
008 230218|1974 xo |||||||||||||||||slo|
015 |a SNBRB 
035 |a (uuid)e4f27220-05f5-468e-a43e-355c1c0117d4 
035 |a (urnnbn)urn:nbn:sk:snk:ar-a08jzl 
035 |a urn:nbn:sk:snk-ab9m7k 
040 |a SNKBUCL  |b slo  |c SNKBUCL  |e AACR2 
041 0 |a slo 
044 |a xo  |c SK 
100 1 |a Jurášek, Viliam,  |d 1929-1992  |4 aut  |9 39208 
245 1 0 |a INVÁZNY CYKLUS CHOANOTAENIA INFUNDIBULUM (BLOCH, 1788) U KURY DOMÁCEJ (GALLUS GALLUS f. DOMESTICA) NA KUBE R. 1970/1971  |c V. Jurášek, V. I. Tokarev, D. Ovies Díaz 
700 1 |a Tokarev, V. I.  |4 aut  |9 1250660 
700 1 |a Ovies Díaz, D.  |4 aut  |9 1250661 
773 0 |t Folia veterinaria  |g Roč. 18, č. 3-4 (1974), s. [779]-795 
954 |a odborná, vedecká literatúra pôvodná (slovenská)  |2 lita 
958 |a OND 
958 |a EUIPO 
958 |a article13 
999 |c 2219613  |d 2221543